000 00442nam a2200169Ia 4500
001 27479
003 IN-NITTTR
005 20251114233342.0
008 251113s9999||||xx |||||||||||||| ||eng||
040 _beng
040 _cIN-NITTTR
041 _aeng
082 _a302.234 G151E
100 _aGandhi, Ved Prakash
245 0 _aElectronic media communication and management :
_b elements and areas /
_cGandhi, Ved Prakash
942 _2ddc
_cBK
999 _c30107
_d30107